| 000 | 00899nam a22002417a 4500 | ||
|---|---|---|---|
| 999 |
_c63922 _d63922 |
||
| 005 | 20240530110706.0 | ||
| 008 | 171225s2014 ua a g b 000 0dara d | ||
| 017 |
_a2014/19363 _bمصر. دار الكتب |
||
| 020 | _a9789774951915 | ||
| 040 |
_aEG-CaGPL _cEG-CaGPL |
||
| 082 | 0 | 4 |
_221 _a303.48\ _bب إ |
| 100 | 0 | _aبشرى حسين الحمدانى | |
| 245 | 1 | 2 |
_aالاعلام وثقافة التغيير فى ظل الثورات العربية / _cتأليف بشرى حسين الحمدانى . |
| 250 | _aط.1 | ||
| 260 |
_aالقاهرة : _bدار العالم العربى ، _c2014 . |
||
| 300 |
_a260 ص. ؛ _c24 سم. |
||
| 490 | 0 | _aسلسلة اتجاهات حديثة فى الاعلام | |
| 504 | _aببليوجرافية : ص 253 - 260 | ||
| 650 | 0 | 7 |
_2qrmak _aالاعلام |
| 651 | _2qrmak | ||
| 942 |
_2ddc _cBK |
||